Do they share a border? - Statistics

General Stats
  • This quiz has been taken 40 times
  • The average score is 9 of 10
Answer Stats
Question Answer % Correct
Slovenia and Slovakia No
100%
Nigeria and Algeria No
100%
Paraguay and Uruguay No
100%
Niger and Nigeria Yes
100%
Armenia and Azerbaijan Yes
100%
Kazakhstan and Kyrgyzstan Yes
100%
Zambia and Zimbabwe Yes
100%
Latvia and Lithuania Yes
100%
Montenegro and Macedonia No
75%
Tajikistan and Turkmenistan No
50%
No matching quizzes found
Score Distribution
Percent of People with Each Score
Percentile by Number Answered
Your Score History
You have not taken this quiz